000 00402nam a2200157Ia 4500
003 OSt
005 20230529103000.0
008 211028s2008 xx 000 0 und d
040 _cAIMIT LIBRARY
041 _aeng
100 _aHegde, Dhanashree; Vijay, Deborah.
_g60471511
_98992
110 _aDeborah Vijay
_98993
245 _aBionetwork analysis.
260 _aMangalore
_c2008
942 _2ddc
_cPRO
999 _c220159
_d220159